[Event "Catalunya-chT Gp2"]
[Site "Barcelona"]
[Date "2018.02.24"]
[Round "6.6"]
[White "Rivas Garcia, Victor"]
[Black "Martin Grillo, Ruben"]
[Result "1/2-1/2"]
[WhiteElo "2221"]
[BlackElo "2215"]
[PlyCount "112"]
[EventDate "2018.01.20"]
[EventType "team-tourn"]
[EventRounds "7"]
[EventCountry "ESP"]
[SourceTitle "EXT 2019"]
[Source "ChessBase"]
[SourceDate "2018.10.10"]
[SourceVersion "1"]
[SourceVersionDate "2018.10.10"]
[SourceQuality "1"]
[WhiteTeam "Barbera"]
[BlackTeam "Catalunya"]
[WhiteTeamCountry "ESP"]
[BlackTeamCountry "ESP"]

1. e4 c5 2. c3 Nf6 3. e5 Nd5 4. Nf3 e6 5. Bc4 d6 6. d4 Nb6 7. Bb3 cxd4 8. cxd4 dxe5 9. Nxe5 Nc6 10. Nxc6 bxc6 11. 0-0 Be7 12. Nc3 0-0 13. Be3 Ba6 14. Re1 Bc4 15. Rc1 Bxb3 16. Qxb3 Rb8 17. Ne4 Nd5 18. Qc2 Qb6 19. Re2 Qa6 20. Qc4 Rb6 21. a3 Rfb8 22. Qxa6 Rxa6 23. Rec2 h6 24. g3 Rab6 25. Rxc6 Rxb2 26. Rc8+ Rxc8 27. Rxc8+ Kh7 28. Ra8 Bxa3 29. Rxa7 Be7 30. h4 Kg6 31. Nc5 Kf5 32. Nd3 Rc2 33. Nf4 Nxf4 34. Bxf4 Bf6 35. Rxf7 Ke4 36. Be5 Bxe5 37. dxe5 g5 38. h5 Kxe5 39. Rh7 Kf5 40. Rxh6 e5 41. Rh8 e4 42. Rf8+ Kg4 43. h6 Rc7 44. Kg2 Kh5 45. Rh8 Kg6 46. Re8 Kxh6 47. Rxe4 Kg6 48. Kf3 Kf5 49. g4+ Kf6 50. Re3 Rc4 51. Ra3 Rb4 52. Ra6+ Ke5 53. Ra5+ Kf6 54. Rf5+ Kg6 55. Kg3 Rb3+ 56. f3 Ra3 1/2-1/2

[Event "Catalunya-chT Gp2"]
[Site "Barcelona"]
[Date "2018.02.10"]
[Round "4.4"]
[White "Garriga Cazorla, Pere"]
[Black "Martin Grillo, Ruben"]
[Result "1-0"]
[WhiteElo "2417"]
[BlackElo "2215"]
[PlyCount "73"]
[EventDate "2018.01.20"]
[EventType "team-tourn"]
[EventRounds "7"]
[EventCountry "ESP"]
[SourceTitle "CBM 182 Extra"]
[Source "ChessBase"]
[SourceDate "2018.02.23"]
[SourceVersion "1"]
[SourceVersionDate "2018.02.23"]
[SourceQuality "1"]
[WhiteTeam "Mollet"]
[BlackTeam "Catalunya"]
[WhiteTeamCountry "ESP"]
[BlackTeamCountry "ESP"]

1. d4 d5 2. c4 c6 3. Nf3 e6 4. Nc3 dxc4 5. a4 Bb4 6. e3 b5 7. Bd2 a5 8. axb5 Bxc3 9. Bxc3 cxb5 10. b3 Bb7 11. bxc4 b4 12. Bb2 Nf6 13. c5 0-0 14. Bb5 Qd5 15. 0-0 Ne4 16. Qe2 Ng5 17. Ne1 e5 18. Bc4 Qc6 19. Qg4 h6 20. h4 Bc8 21. Qh5 Ne4 22. Nd3 Nf6 23. Qxe5 Nbd7 24. Qg3 Qe4 25. Rfe1 Nh5 26. Qh2 Bb7 27. f3 Qg6 28. d5 Ba6 29. Bxa6 Rxa6 30. e4 f5 31. c6 fxe4 32. fxe4 Ndf6 33. Ne5 Qg3 34. Qxg3 Nxg3 35. Ng6 Re8 36. Bxf6 gxf6 37. d6 1-0

[Event "Catalunya-chT Gp1"]
[Site "Barcelona"]
[Date "2015.02.28"]
[Round "6.4"]
[White "Martin Grillo, Ruben"]
[Black "Serra, Francesco"]
[Result "1-0"]
[WhiteElo "2229"]
[BlackElo "2190"]
[PlyCount "57"]
[EventDate "2015.01.24"]
[EventType "team-tourn"]
[EventRounds "7"]
[EventCountry "ESP"]
[SourceTitle "EXT 2016"]
[Source "ChessBase"]
[SourceDate "2015.10.08"]
[SourceVersion "1"]
[SourceVersionDate "2015.10.08"]
[SourceQuality "1"]
[WhiteTeam "Catalunya"]
[BlackTeam "Peona I Peo"]
[WhiteTeamCountry "ESP"]
[BlackTeamCountry "ESP"]

1. e4 e5 2. Nf3 d6 3. d4 exd4 4. Nxd4 g6 5. Nc3 Bg7 6. Be3 Nf6 7. Qd2 0-0 8. 0-0-0 Nc6 9. f3 d5 10. Nxc6 bxc6 11. exd5 cxd5 12. Nxd5 Nxd5 13. Qxd5 Qf6 14. c3 Bf5 15. Bd3 c6 16. Qc5 Bxd3 17. Rxd3 Qe6 18. Kb1 Rab8 19. Rd6 Qe7 20. Rxc6 Qd7 21. Bd4 Rfe8 22. Rc7 Qe6 23. Bxg7 Qe2 24. b3 Qd3+ 25. Ka1 Re2 26. Bf6 Rbe8 27. Qc4 Rxa2+ 28. Kxa2 Re2+ 29. Ka1 1-0

[Event "Catalunya-chT Gp1"]
[Site "Barcelona"]
[Date "2015.01.31"]
[Round "2.3"]
[White "Llaneza Vega, Patricia"]
[Black "Martin Grillo, Ruben"]
[Result "1-0"]
[WhiteElo "2191"]
[BlackElo "2229"]
[PlyCount "75"]
[EventDate "2015.01.24"]
[EventType "team-tourn"]
[EventRounds "7"]
[EventCountry "ESP"]
[SourceTitle "CBM 164 Extra"]
[Source "ChessBase"]
[SourceDate "2015.03.02"]
[SourceVersion "1"]
[SourceVersionDate "2015.03.02"]
[SourceQuality "1"]
[WhiteTeam "Foment Martinenc"]
[BlackTeam "Catalunya"]
[WhiteTeamCountry "ESP"]
[BlackTeamCountry "ESP"]

1. e4 c5 2. Nc3 d6 3. f4 Nf6 4. Nf3 g6 5. Bb5+ Bd7 6. Bc4 Bc6 7. 0-0 b5 8. Bxb5 Bxb5 9. Nxb5 Nxe4 10. d4 a6 11. Qe2 d5 12. Nc3 Nxc3 13. bxc3 Bg7 14. f5 0-0 15. fxg6 hxg6 16. Ne5 e6 17. Rb1 Nd7 18. Nc6 Qe8 19. Bf4 Nf6 20. Ne5 Ne4 21. Qg4 Bxe5 22. dxe5 Qe7 23. c4 Rfb8 24. Rxb8+ Rxb8 25. cxd5 Rb2 26. d6 Qa7 27. Be3 Nc3 28. Qc4 Rxc2 29. Qd3 Nd5 30. Qxc2 Nxe3 31. Qa4 Nxf1 32. Qe8+ Kg7 33. d7 c4+ 34. Kh1 Qe3 35. d8Q Ng3+ 36. hxg3 Qc1+ 37. Kh2 Qh6+ 38. Qh4 1-0

[Event "Barcelona Catalunya op 25th"]
[Site "Barcelona"]
[Date "2011.04.23"]
[Round "8"]
[White "Martin Grillo, Ruben"]
[Black "Gonzalez Rodriguez, Jorge Armando"]
[Result "1-0"]
[WhiteElo "2239"]
[BlackElo "2418"]
[PlyCount "70"]
[EventDate "2011.04.16"]
[EventType "swiss"]
[EventRounds "9"]
[EventCountry "ESP"]
[SourceTitle "CBM 142 Extra"]
[Source "ChessBase"]
[SourceDate "2011.06.27"]
[SourceVersion "1"]
[SourceVersionDate "2011.06.27"]
[SourceQuality "1"]

1. e4 e6 2. d4 d5 3. Nc3 Bb4 4. e5 b6 5. a3 Bf8 6. Nf3 c5 7. Be3 a6 8. Ne2 Qc7 9. c3 c4 10. g3 Nc6 11. Bh3 h6 12. 0-0 Bd7 13. Nd2 Na5 14. f4 g6 15. g4 h5 16. f5 hxg4 17. fxg6 fxg6 18. Bxg4 Bh6 19. Bxh6 Nxh6 20. Nf4 Nf5 21. Nxg6 Rg8 22. Bxf5 exf5 23. Qh5 0-0-0 24. Kh1 Kb8 25. Nf4 Rh8 26. Qf3 Rh6 27. Rf2 Ba4 28. Nf1 Qh7 29. Re1 Bc6 30. Ne3 Rh8 31. h3 Nb7 32. Rg2 Rh5 33. Rg3 Nd8 34. Kh2 Qh6 35. Neg2 Rg5 1-0

[Event "Barcelona Catalunya op 25th"]
[Site "Barcelona"]
[Date "2011.04.21"]
[Round "6"]
[White "Martin Grillo, Ruben"]
[Black "Bergez, Luc"]
[Result "1-0"]
[WhiteElo "2239"]
[BlackElo "2415"]
[PlyCount "111"]
[EventDate "2011.04.16"]
[EventType "swiss"]
[EventRounds "9"]
[EventCountry "ESP"]
[SourceTitle "CBM 142 Extra"]
[Source "ChessBase"]
[SourceDate "2011.06.27"]
[SourceVersion "1"]
[SourceVersionDate "2011.06.27"]
[SourceQuality "1"]

1. Nf3 g6 2. c4 Bg7 3. d4 Nf6 4. Nc3 0-0 5. e4 d6 6. Be2 e5 7. 0-0 exd4 8. Nxd4 Re8 9. f3 c6 10. Kh1 Nbd7 11. Bg5 Qa5 12. Bf4 Ne5 13. Qd2 Nfd7 14. Rfd1 Qc7 15. Bf1 Nb6 16. b3 Bd7 17. Rac1 Rad8 18. Bg5 f6 19. Bf4 Bc8 20. Qf2 Bf8 21. h3 Qe7 22. Be3 Nf7 23. Nc2 Qc7 24. a4 Nd7 25. a5 Qxa5 26. Ra1 Qe5 27. Bd4 Qe7 28. Rxa7 Bg7 29. Na4 Ng5 30. Nb6 Nxb6 31. Bxb6 Rd7 32. c5 Ne6 33. Bc4 Kh8 34. Bxe6 Qxe6 35. Nd4 Qe5 36. Nc2 d5 37. exd5 Qb2 38. d6 Rf7 39. Ra8 Rff8 40. Rxc8 Rxc8 41. d7 Ra8 42. d8Q Rfxd8 43. Rxd8+ Rxd8 44. Bxd8 Qxb3 45. Qe3 Qg8 46. Ba5 h5 47. Bc3 Qc4 48. Ne1 Kh7 49. Qd4 Qe6 50. Nd3 Qf5 51. Qe4 Qd7 52. Nf4 f5 53. Qe3 Bh6 54. Qe5 Qd8 55. Ne6 Qc8 56. Ng5+ 1-0

[Event "Barcelona Catalunya op"]
[Site "Barcelona"]
[Date "2010.04.03"]
[Round "8"]
[White "Martin Grillo, Ruben"]
[Black "Nunez Lucero, Francisco Alex"]
[Result "0-1"]
[WhiteElo "2236"]
[BlackElo "2184"]
[PlyCount "70"]
[EventDate "2010.03.27"]
[EventType "swiss"]
[EventRounds "9"]
[EventCountry "ESP"]
[SourceTitle "CBM 135 Extra"]
[Source "ChessBase"]
[SourceDate "2010.05.04"]
[SourceVersion "1"]
[SourceVersionDate "2010.05.04"]
[SourceQuality "1"]

1. Nf3 e6 2. c4 d5 3. e3 c6 4. Nc3 f5 5. Be2 Nf6 6. 0-0 Bd6 7. Qc2 0-0 8. d3 dxc4 9. dxc4 e5 10. e4 f4 11. c5 Bc7 12. b4 Qe7 13. Bb2 Bg4 14. Ng5 Bxe2 15. Nxe2 a5 16. a3 Na6 17. Rfd1 Rae8 18. Rd2 Kh8 19. Qc4 h6 20. Nf3 g5 21. Rad1 axb4 22. axb4 Qf7 23. Rc1 Qh5 24. h3 Rg8 25. Rc3 g4 26. hxg4 Rxg4 27. Ne1 Rh4 28. Kf1 Rg8 29. Ng1 Ng4 30. Nef3 Rh1 31. Rd7 Nh2+ 32. Nxh2 Qxh2 33. Qf7 Qxg1+ 34. Ke2 Qf1+ 35. Kf3 Rg3# 0-1

[Event "Barcelona Catalunya op"]
[Site "Barcelona"]
[Date "2010.03.30"]
[Round "4"]
[White "Martin Grillo, Ruben"]
[Black "Mir Vinas, Pau Jose"]
[Result "1-0"]
[WhiteElo "2236"]
[BlackElo "1938"]
[PlyCount "79"]
[EventDate "2010.03.27"]
[EventType "swiss"]
[EventRounds "9"]
[EventCountry "ESP"]
[SourceTitle "CBM 135 Extra"]
[Source "ChessBase"]
[SourceDate "2010.05.04"]
[SourceVersion "1"]
[SourceVersionDate "2010.05.04"]
[SourceQuality "1"]

1. e4 e5 2. Nf3 Nc6 3. Bb5 a6 4. Ba4 Nf6 5. 0-0 b5 6. Bb3 Be7 7. Re1 0-0 8. d4 d6 9. c3 Bg4 10. d5 Na5 11. Bc2 c5 12. Nbd2 c4 13. h3 Bxf3 14. Qxf3 Nb7 15. Nf1 Nc5 16. g4 h6 17. Ng3 Nh7 18. Be3 Nd7 19. Nf5 Ng5 20. Qg3 f6 21. a4 g6 22. Nxh6+ Kg7 23. h4 Kxh6 24. hxg5+ fxg5 25. Kg2 Kg7 26. Rh1 Qc7 27. axb5 axb5 28. Rxa8 Rxa8 29. Qh3 Rg8 30. Qh7+ Kf8 31. Rh3 Nf6 32. Rf3 Qc8 33. Qh3 Kg7 34. Qh1 Nxe4 35. Bxe4 Qxg4+ 36. Kf1 Rh8 37. Qg2 Qc8 38. Bxg5 Qa6 39. Bf6+ Kf8 40. Bxh8+ 1-0

[Event "Barbera del Valles op 32nd"]
[Site "Barbera del Valles"]
[Date "2009.07.04"]
[Round "1"]
[White "Bacallao Alonso, Yusnel"]
[Black "Martin Grillo, Ruben"]
[Result "1/2-1/2"]
[WhiteElo "2467"]
[BlackElo "2218"]
[PlyCount "102"]
[EventDate "2009.07.04"]
[EventType "swiss"]
[EventRounds "9"]
[EventCountry "ESP"]
[SourceTitle "CBM 131 Extra"]
[Source "ChessBase"]
[SourceDate "2009.09.03"]
[SourceVersion "2"]
[SourceVersionDate "2009.09.16"]
[SourceQuality "1"]

1. e4 c5 2. Nf3 d6 3. Bb5+ Bd7 4. Bxd7+ Qxd7 5. 0-0 Nf6 6. e5 dxe5 7. Nxe5 Qc7 8. d4 e6 9. Bf4 Qb6 10. dxc5 Bxc5 11. Nc3 0-0 12. Na4 Qa5 13. Nxc5 Qxc5 14. c4 Nc6 15. Nxc6 Qxc6 16. Qe2 Rac8 17. b3 Rfd8 18. Rfd1 Qe4 19. Qxe4 Nxe4 20. Kf1 Kf8 21. f3 Nc5 22. Ke2 a6 23. Rac1 f6 24. Rxd8+ Rxd8 25. Be3 Rc8 26. b4 Nd7 27. c5 Ne5 28. a4 Ke7 29. f4 Ng4 30. Bd4 Nxh2 31. b5 axb5 32. axb5 Kd7 33. Rh1 Ng4 34. Rxh7 Rg8 35. Kf3 e5 36. Kxg4 exd4 37. Kf5 b6 38. cxb6 Kd6 39. b7 Kc7 40. Kg6 Kxb7 41. Rh5 Rd8 42. Kxg7 d3 43. Rh1 Rd6 44. f5 Kb6 45. Rb1 d2 46. g4 Rd4 47. Kxf6 Rxg4 48. Rd1 Rg2 49. Ke7 Kxb5 50. f6 Re2+ 51. Kd7 Rf2 1/2-1/2

[Event "Barcelona Sants op 10th"]
[Site "Barcelona"]
[Date "2008.08.27"]
[Round "6"]
[White "Martin Grillo, Ruben"]
[Black "Panelo Munoz, Marcelo A"]
[Result "0-1"]
[WhiteElo "2282"]
[BlackElo "2414"]
[PlyCount "72"]
[EventDate "2008.08.22"]
[EventType "swiss"]
[EventRounds "10"]
[EventCountry "ESP"]
[SourceTitle "CBM 126 Extra"]
[Source "ChessBase"]
[SourceDate "2008.11.05"]
[SourceVersion "1"]
[SourceVersionDate "2008.11.05"]
[SourceQuality "1"]

1. e4 c5 2. Nf3 d6 3. d4 cxd4 4. Nxd4 Nf6 5. Nc3 a6 6. Be3 e5 7. Nb3 Be6 8. Qd2 Nbd7 9. 0-0-0 Be7 10. f4 Rc8 11. Kb1 b5 12. f5 Bc4 13. g4 b4 14. Bxc4 Rxc4 15. Nd5 h6 16. Qd3 Nxd5 17. Qxd5 Rc8 18. Rhg1 Qc7 19. Rg2 Nf6 20. Qd3 Qc6 21. Nd2 a5 22. h4 a4 23. g5 hxg5 24. hxg5 Rh3 25. Re1 Nh5 26. f6 Nf4 27. fxg7 Nxd3 28. g8Q+ Bf8 29. cxd3 Rxe3 30. Reg1 Qc2+ 31. Ka1 a3 32. bxa3 Qc3+ 33. Kb1 Qxd3+ 34. Ka1 Qc3+ 35. Kb1 bxa3 36. Nb3 Re1+ 0-1

[Event "Barcelona Escacs CC tt"]
[Site "Barcelona"]
[Date "2007.05.12"]
[Round "5"]
[White "Capellades Subirana, Marc"]
[Black "Martin Grillo, Ruben"]
[Result "1/2-1/2"]
[WhiteElo "2093"]
[BlackElo "2196"]
[PlyCount "119"]
[EventDate "2007.04.14"]
[EventType "team-tourn"]
[EventRounds "7"]
[EventCountry "ESP"]
[SourceTitle "EXT 2009"]
[Source "ChessBase"]
[SourceDate "2008.11.26"]
[SourceVersion "1"]
[SourceVersionDate "2008.11.26"]
[SourceQuality "1"]

1. e4 c5 2. Nf3 d6 3. d4 cxd4 4. Nxd4 Nf6 5. Nc3 a6 6. Be2 e5 7. Nf3 Be7 8. 0-0 0-0 9. Bg5 Nbd7 10. h3 b5 11. a4 b4 12. Nd5 Rb8 13. Nxf6+ Nxf6 14. Bd3 Bb7 15. Qe2 a5 16. Rad1 Qc7 17. Rfe1 h6 18. Bd2 Nd7 19. Be3 Kh8 20. Nd2 Nf6 21. c4 bxc3 22. bxc3 Bc6 23. Bb5 d5 24. exd5 Nxd5 25. Rc1 Ba3 26. Rc2 Nxe3 27. fxe3 Bd5 28. Qd3 Be6 29. c4 Bb4 30. Rf1 Rfd8 31. Qe2 Qa7 32. Kh1 Rbc8 33. Ne4 Qb7 34. Nf2 Bf5 35. e4 Bg6 36. Rb2 Bc3 37. Rb3 Bd4 38. Rf3 f6 39. Rg3 Bh7 40. Rg4 Bxf2 41. Rxf2 Rd4 42. Qe1 Qb6 43. Rf1 Rcd8 44. Qf2 Qc7 45. c5 Rxe4 46. c6 Rxg4 47. hxg4 Rd4 48. Qe2 Bg8 49. Rd1 Rxd1+ 50. Qxd1 Be6 51. Qf3 Qd6 52. Bd3 Kg8 53. Qe4 Kf8 54. Bb5 Ke7 55. Qe1 Qb4 56. Qe3 Qd4 57. Qa3+ Qd6 58. Qe3 Qd4 59. Qa3+ Qd6 60. Qe3 1/2-1/2

[Event "Santa Coloma 8th"]
[Site "Santa Coloma"]
[Date "2000.09.06"]
[Round "6"]
[White "Pham Guerrero, Sergi"]
[Black "Martin Grillo, Ruben"]
[Result "1-0"]
[WhiteElo "2194"]
[BlackElo "2188"]
[PlyCount "45"]
[EventDate "2000.09.01"]
[EventType "tourn"]
[EventRounds "9"]
[EventCountry "ESP"]
[SourceTitle "EXT 2001"]
[Source "ChessBase"]
[SourceDate "2000.11.22"]
[SourceVersion "1"]
[SourceVersionDate "2000.11.22"]
[SourceQuality "1"]

1. e4 c5 2. Nf3 d6 3. d4 cxd4 4. Nxd4 Nf6 5. Nc3 g6 6. Be3 Bg7 7. f3 0-0 8. Qd2 Nc6 9. Bc4 Bd7 10. 0-0-0 Rc8 11. Bb3 Ne5 12. h4 h5 13. Rdg1 Nc4 14. Bxc4 Rxc4 15. g4 b5 16. Nf5 Bxf5 17. gxf5 b4 18. Ne2 Qa5 19. Kb1 Nd7 20. Bh6 Ne5 21. Bxg7 Kxg7 22. Nd4 Qb6 23. f6+ 1-0

[Event "Catalunya-ch U18"]
[Site "Tarrega"]
[Date "1995.??.??"]
[Round "?"]
[White "Minguez Rodriguez, Raul"]
[Black "Martin Grillo, Ruben"]
[Result "1/2-1/2"]
[WhiteElo "2100"]
[BlackElo "2115"]
[PlyCount "34"]
[EventDate "1995.??.??"]
[EventType "swiss"]
[EventRounds "9"]
[EventCountry "ESP"]
[SourceTitle "EXT 2003"]
[Source "ChessBase"]
[SourceDate "2002.11.25"]
[SourceVersion "1"]
[SourceVersionDate "2002.11.25"]
[SourceQuality "1"]

1. e4 c5 2. Nf3 d6 3. d4 cxd4 4. Nxd4 Nf6 5. Nc3 a6 6. Bg5 e6 7. f4 Nbd7 8. Qf3 Qc7 9. Be2 b5 10. f5 b4 11. fxe6 Ne5 12. Qxf6 gxf6 13. Nd5 Qa7 14. Nxf6+ Kd8 15. Nd5+ Ke8 16. Nf6+ Kd8 17. Nd5+ Ke8 1/2-1/2